| 000 | 00625nam a22001937a 4500 | ||
|---|---|---|---|
| 005 | 20170818144033.0 | ||
| 010 | _aENG-119739 | ||
| 020 |
_a9788129000408 _c375.00 |
||
| 020 |
_a8129000407 _c375.00 |
||
| 035 | _aEN-103271 | ||
| 037 | _bDBAD/PUB | ||
| 082 | _a610.153 | ||
| 245 |
_aTrends in medical physics and biomedical instrumentation / _cedited by D.V. Rai [and] Raj Bahadur |
||
| 260 |
_aChandigarh _bNew Era Book Agency _c2009 |
||
| 270 |
_aSCO 49-51, Sector-17 C, Post Box-52 _bChandigarh _e160017 |
||
| 300 |
_a320p. : _c24cm(pbk) _bill. |
||
| 700 | _aRai, D.V | ||
| 942 |
_2ddc _cEN _h610.153 _mTRE |
||
| 999 |
_c143547 _d143547 |
||